000 00332nam a2200133 i 4500
001 bg
245 1 0 _aLaboratorium elektroniki stosowanej.
_nCz. 1,
_pElementy i układy.
250 _aWyd. 2 zm. i uzup.
260 _aKatowice,
_c1975.
040 _cBPK
041 _apol
942 _cKS
008 s pl f |000 0 pol
999 _c17147
_d17147
856 _uhttp://koha.tu.koszalin.pl/cgi-bin/koha/opac-detail.pl?biblionumber=17147
_yKatalog online BPK